A tudományok népszerűsítéséért orvosprofesszorok - újságírók találkozója

Elmentve itt :
Bibliográfiai részletek
Dokumentumtípus: Cikk
Megjelent: 1966-11-26
Sorozat:Délmagyarország 56 No. 279
Kulcsszavak:Tudományos élet Szeged 1966, egészségügyi tanácskozások, továbbképzések, tanácskozások, pályázatok
Online Access:http://dmarchiv.bibl.u-szeged.hu/64577
LEADER 00557nab a2200145 i 4500
001 delm64577
005 20180927151327.0
008 180927s1966 hu o 0|| hun d
040 |a SZTE Délmagyarország Archívum  |b hun 
041 |a hun 
245 0 2 |a A tudományok népszerűsítéséért   |h [elektronikus dokumentum] :  |b orvosprofesszorok - újságírók találkozója 
260 |c 1966-11-26 
300 |a 3 
490 0 |a Délmagyarország  |v 56 No. 279 
695 |a Tudományos élet Szeged 1966, egészségügyi tanácskozások, továbbképzések, tanácskozások, pályázatok